[Event "Tourn. n8577"]
[Site "www.chess-mail.com"]
[Date "2016.06.29"]
[Round "1"]
[White "Numanoid"]
[Black "Seger"]
[WhiteElo "2470"]
[BlackElo "2770"]
[Result "0-1"]
[Round "1"]
1.d4 Ng8f6
2.Bc1g5 c5
3.d5 Nf6e4
4.Bg5f4 Qd8b6
5.Bf4c1 e6
6.f3 Qb6a5
7.c3 Ne4f6
8.e4 d6
9.Bc1d2 Qa5b6
10.c4 exd5
11.cxd5 Qb6xb2
12.Nb1c3 Qb2b6
13.f4 Bf8e7
14.Ng1f3 O-O
15.Bf1c4 Nf6d7
16.O-O Qb6d8
17.Qd1e2 Nd7b6
18.Bc4d3 Nb8a6
19.a3 Bc8g4
20.h3 Bg4xf3
21.Rf1xf3 c4
22.Bd3xc4 Nb6xc4
23.Qe2xc4 Be7f6
24.Ra1e1 Ra8c8
25.Qc4b5 Rf8e8
26.e5 dxe5
27.fxe5 Bf6xe5
28.Qb5xb7 Qd8b6
29.Qb7xb6 axb6
30.Kh1 Na6c5
31.Re1b1 Nc5d7
32.Nc3b5 Rc8c5
33.d6 Re8e6
34.Bd2f4 f6
35.Bf4xe5 Re6xe5
36.Nb5c3 Kf7
37.Rf3d3 h5
38.Kh2 h4
39.Rb1d1 Ke6
40.g3 hxg3
41.Kxg3 g5
42.Rd1d2 Rc5c6
43.Nc3e2 Kf7
44.Rd3d4 Rc6c8
45.h4 Rc8e8
46.Kf2 Nd7c5
47.hxg5 Nc5b3
48.d7 Re8d8
49.gxf6 Re5a5
50.a4 Nb3xd2
51.Rd4xd2 Kxf6
52.Ne2f4 Kf5
 { time }
0-1

[Event "Tourn. n8838"]
[Site "www.chess-mail.com"]
[Date "2016.06.29"]
[Round "1"]
[White "Redabond"]
[Black "Gatrooper"]
[WhiteElo "1640"]
[BlackElo "1600"]
[Result "0-1"]
[Round "1"]
1.d4 d5
2.Bc1f4 e6
3.Nb1c3 Bf8d6
4.Bf4xd6 Qd8xd6
5.e3 a6
6.Ng1f3 h6
7.Bf1d3 Ng8f6
8.O-O Nf6g4
9.h3 Ng4f6
10.Nf3e5 Nb8c6
11.Ne5xc6 bxc6
12.e4 dxe4
13.Bd3xe4 Bc8b7
14.Be4f3 O-O-O
15.Nc3e4 Nf6xe4
16.Bf3xe4 f5
17.Be4f3 g5
18.c3 g4
19.hxg4 fxg4
20.Bf3xg4 h5
21.Bg4h3 Rd8g8
22.Rf1e1 Qd6d5
23.Bh3xe6 Kb8
24.Be6xd5 cxd5
25.Qd1b3 Rh8h6
26.Qb3xd5 Bb7xd5
27.f3 h4
28.Re1e5 c6
29.Ra1e1 h3
30.g4 h2
31.Kh1 Bd5xf3
{ resign }
0-1

[Event "Tourn. n8841"]
[Site "www.chess-mail.com"]
[Date "2016.06.29"]
[Round "1"]
[White "Kampungboy"]
[Black "Genius2"]
[WhiteElo "2010"]
[BlackElo "2110"]
[Result "1-0"]
[Round "1"]
1.e4 Ng8f6
2.Nb1c3 e5
3.f4 d5
4.exd5 exf4
5.Ng1f3 Bf8b4
6.Bf1c4 O-O
7.O-O Nb8d7
{ time. }
1-0

[Event "Tourn. n8813"]
[Site "www.chess-mail.com"]
[Date "2016.06.29"]
[Round "1"]
[White "Genius9"]
[Black "Esperanza"]
[WhiteElo "1830"]
[BlackElo "1819"]
[Result "0-1"]
[Round "1"]
1.e4 e6
2.d3 d5
3.Nb1d2 c5
4.g3 Nb8c6
5.Bf1g2 Ng8f6
6.Ng1e2 Bf8e7
7.O-O O-O
8.h3 b6
9.c3 Bc8b7
10.f4 dxe4
11.dxe4 Qd8c7
12.Nd2c4 b5
13.Nc4e3 Rf8d8
14.e5 { time. }
0-1

[Event "Tourn. n8833"]
[Site "www.chess-mail.com"]
[Date "2016.06.29"]
[Round "1"]
[White "Genius9"]
[Black "Estonia"]
[WhiteElo "1900"]
[BlackElo "2000"]
[Result "0-1"]
[Round "1"]
1.Ng1f3 Ng8f6
2.c4 c5
3.d4 e6
4.e3 Nb8c6
5.Nb1c3 d5
6.cxd5 Nf6xd5
7.Nc3xd5 Qd8xd5
8.Bf1e2 cxd4
9.exd4 { time. }
0-1

[Event "Tourn. n8796"]
[Site "www.chess-mail.com"]
[Date "2016.06.29"]
[Round "1"]
[White "Esperanza"]
[Black "Genius9"]
[WhiteElo "1819"]
[BlackElo "1820"]
[Result "1-0"]
[Round "1"]
1.e4 e5
2.Ng1f3 Nb8c6
3.Bf1b5 a6
4.Bb5xc6 dxc6
5.O-O Bc8g4
6.h3 h5
7.d3 Bg4xf3
8.Qd1xf3 Qd8f6
9.Qf3e2 Bf8c5
10.Bc1e3 Qf6d6
11.Nb1d2 O-O-O
12.Nd2c4 Qd6e7
13.a3 f6
14.b4 Bc5d4
15.Ra1b1 g5
16.a4 Qe7e6
17.b5 axb5
18.axb5 cxb5
19.Rb1xb5 Bd4xe3
{ time. }
1-0

[Event "Tourn. n8794"]
[Site "www.chess-mail.com"]
[Date "2016.06.29"]
[Round "1"]
[White "Esperanza"]
[Black "Genius9"]
[WhiteElo "1819"]
[BlackElo "1820"]
[Result "1-0"]
[Round "1"]
1.e4 c5
2.Ng1f3 Nb8c6
3.Bf1b5 e6
4.Bb5xc6 bxc6
5.O-O d5
6.d3 Ng8f6
7.Bc1g5 Bf8e7
8.Nb1d2 O-O
9.Rf1e1 Rf8e8
10.Nf3e5 Qd8c7
11.f4 Bc8a6
12.Ne5g4 Nf6xg4
13.Qd1xg4 Be7xg5
14.Qg4xg5 f6
15.Qg5h5 Qc7f7
16.Qh5h4 Qf7g6
17.Re1e3 Qg6f7
18.Re3h3 g6
19.Nd2f3 Ra8b8
{ time. }
1-0

[Event "Tourn. n8784"]
[Site "www.chess-mail.com"]
[Date "2016.06.29"]
[Round "1"]
[White "Viru"]
[Black "Attatroll"]
[WhiteElo "1819"]
[BlackElo "1970"]
[Result "1/2-1/2"]
[Round "1"]
1.e4 d6
2.d4 Ng8f6
3.Nb1c3 g6
4.h3 Bf8g7
5.Ng1f3 O-O
6.b4 c5
7.bxc5 dxc5
8.d5 Nf6xe4
9.Nc3xe4 Bg7xa1
10.Bc1h6 Ba1g7
11.Bh6xg7 Kxg7
12.Ne4xc5 Qd8a5
13.Qd1d2 Qa5xc5
14.c4 Nb8a6
15.Bf1d3 Na6b4
16.O-O Nb4xd3
17.Qd2xd3 Bc8f5
18.Qd3c3 Kg8
19.Rf1e1 Ra8c8
20.g4 Bf5d7
21.Qc3b3 b6
22.Nf3e5 Rf8d8
23.g5 Bd7f5
24.Ne5c6 Rd8d7
25.h4 Kf8
26.Qb3b2 Kg8
27.Nc6e5 Rd7d6
28.Re1e3 f6
29.Ne5c6 e5
30.Nc6e7 Kf7
31.Ne7xc8 Bf5xc8
32.gxf6 Qc5xc4
33.Qb2xe5 Qc4g4
34.Kf1 Qg4d1
35.Kg2 Qd1g4
36.Re3g3 Qg4d7
37.h5 Rd6xf6
38.hxg6 hxg6
39.f3 Qd7f5
40.Qe5c7 Qf5d7
41.Qc7xd7 Bc8xd7
42.Rg3g5 Rf6f5
43.Rg5xf5 gxf5
44.Kf2 Ke7
45.Ke3 Kd6
46.Kd4 Bd7a4
47.f4 Ba4d1
48.Kc3 Kxd5
49.Kb4 Bd1e2
50.a4 a5
51.Kc3 Ke4
52.Kd2 b5
53.Kxe2 bxa4
54.Kd2 Kxf4
55.Kc2 Ke3
{ draw }
1/2-1/2

[Event "Tourn. n8754"]
[Site "www.chess-mail.com"]
[Date "2016.06.29"]
[Round "1"]
[White "Hundegana"]
[Black "Genius2"]
[WhiteElo "2000"]
[BlackElo "2090"]
[Result "1-0"]
[Round "1"]
1.f4 d5
2.g3 Ng8f6
3.Bf1g2 c6
4.Nb1c3 e6
5.d4 Bf8b4
6.a3 Bb4xc3
7.bxc3 Nb8d7
8.Ng1f3 O-O
9.O-O b6
10.h3 Bc8b7
11.Ra1b1 c5
12.Kh2 Rf8e8
13.Rf1e1 Nf6e4
14.Bc1b2 Ra8c8
15.e3 c4
16.Qd1e2 a6
17.Nf3d2 Ne4xd2
18.Qe2xd2 b5
19.Qd2f2 Nd7f6
20.Bb2c1 Bb7c6
21.Bc1b2 h6
22.Bg2f3 Bc6b7
23.g4 Bb7c6
24.h4 Bc6b7
25.g5 hxg5
26.hxg5 Nf6e4
27.Bf3xe4 dxe4
28.Re1h1 Qd8d5
29.Qf2h4 g6
{ time. }
1-0

[Event "Tourn. n8822"]
[Site "www.chess-mail.com"]
[Date "2016.06.29"]
[Round "1"]
[White "Nulladies"]
[Black "Genius9"]
[WhiteElo "1739"]
[BlackElo "1850"]
[Result "1-0"]
[Round "1"]
1.d4 Ng8f6
2.Bc1f4 d5
3.Ng1f3 Bc8f5
4.e3 e6
5.c4 c6
6.Qd1b3 Qd8b6
7.c5 Qb6xb3
8.axb3 Nb8d7
9.Nf3e5 Nd7xe5
10.Bf4xe5 Bf8e7
11.Nb1d2 O-O
12.Bf1e2 Nf6e4
13.f3 Ne4xd2
{ time. }
1-0

[Event "Tourn. n8808"]
[Site "www.chess-mail.com"]
[Date "2016.06.29"]
[Round "1"]
[White "Genius9"]
[Black "Llcervello"]
[WhiteElo "1830"]
[BlackElo "1660"]
[Result "0-1"]
[Round "1"]
1.Ng1f3 d5
2.g3 f6
3.d4 e6
4.Bf1g2 c6
5.O-O b5
6.a4 b4
7.c3 a5
8.Bc1d2 g5
9.Bd2e3 Ng8h6
10.Nb1d2 Bc8a6
11.Rf1e1 { time. }
0-1

[Event "Tourn. n8748"]
[Site "www.chess-mail.com"]
[Date "2016.06.29"]
[Round "1"]
[White "Andychesston"]
[Black "Pimpampum"]
[WhiteElo "2040"]
[BlackElo "2030"]
[Result "1/2-1/2"]
[Round "1"]
1.e4 e5
2.Ng1f3 Ng8f6
3.Nb1c3 Nb8c6
4.d4 exd4
5.Nf3xd4 Bf8b4
6.Qd1d3 d5
7.Nd4xc6 bxc6
8.Bc1d2 O-O
9.e5 Rf8e8
10.f4 Nf6d7
11.Bf1e2 a5
12.a3 Bc8a6
13.Qd3g3 Bb4xc3
14.Bd2xc3 Ba6xe2
15.Kxe2 Nd7c5
16.Bc3d4 Nc5e4
17.Qg3g4 c5
18.Bd4e3 Ra8b8
19.Ra1b1 f6
20.e6 Qd8d6
21.f5 Qd6e5
22.Kf3 Rb8xb2
23.Rb1xb2 Qe5xb2
24.Qg4h5 Re8e7
25.Rh1d1 c6
26.c4 Qb2xa3
27.cxd5 Ne4c3
28.Rd1d3 cxd5
29.Qh5g4 Qa3b2
30.Be3d2 Nc3e4
31.Qg4f4 h5
32.Ke3 Ne4xd2
33.Rd3xd2 Qb2b3
34.Ke2 d4
35.Qf4d6 Qb3e3
36.Kd1 Qe3b3
37.Ke1 Qb3b1
38.Ke2 Qb1e4
39.Kd1 Qe4b1
{ draw }
1/2-1/2

[Event "Tourn. n8819"]
[Site "www.chess-mail.com"]
[Date "2016.06.29"]
[Round "1"]
[White "Wwgia"]
[Black "Genius9"]
[WhiteElo "1990"]
[BlackElo "1850"]
[Result "1-0"]
[Round "1"]
1.d4 Ng8f6
2.c4 e6
3.Ng1f3 b6
4.a3 Bc8b7
5.Nb1c3 Nf6e4
6.Qd1c2 f5
7.g3 Ne4xc3
8.Qc2xc3 Bf8e7
{ time. }
1-0

[Event "Tourn. n8759"]
[Site "www.chess-mail.com"]
[Date "2016.06.29"]
[Round "1"]
[White "Tartan"]
[Black "Piekki"]
[WhiteElo "2340"]
[BlackElo "2290"]
[Result "1-0"]
[Round "1"]
1.e4 c5
2.Ng1f3 Nb8c6
3.d4 cxd4
4.Nf3xd4 e5
5.Nd4b5 d6
6.Nb1c3 a6
7.Nb5a3 b5
8.Nc3d5 Ng8f6
9.Bc1g5 Bf8e7
10.Bg5xf6 gxf6
11.c4 b4
12.Na3c2 a5
13.Bf1d3 Bc8b7
14.O-O h5
15.Bd3e2 h4
16.Be2g4 Bb7c8
17.Bg4xc8 Ra8xc8
18.Qd1g4 Be7f8
19.Nd5xf6 { resign }
1-0

[Event "Tourn. n8800"]
[Site "www.chess-mail.com"]
[Date "2016.06.29"]
[Round "1"]
[White "Esperanza"]
[Black "Genius9"]
[WhiteElo "1819"]
[BlackElo "1840"]
[Result "1-0"]
[Round "1"]
1.e4 c5
2.Ng1f3 e6
3.d4 cxd4
4.Nf3xd4 a6
5.Bc1e3 Ng8f6
6.Nb1c3 Bf8b4
7.f3 d5
8.e5 Nf6d7
9.f4 Nb8c6
10.Qd1d2 Nc6xd4
11.Be3xd4 Qd8e7
12.Bf1d3 Bb4c5
13.Bd4xc5 Qe7xc5
14.O-O-O b5
15.g4 Bc8b7
{ time. }
1-0

[Event "Match"]
[Site "www.echecsemail.com"]
[Date "2016.06.29"]
[Round "1"]
[White "Genius2"]
[Black "Ssharp"]
[WhiteElo "1740"]
[BlackElo "2240"]
[Result "0-1"]
[Round "1"]
1.c4 c5
2.Nb1c3 Nb8c6
3.Ng1f3 Ng8f6
4.d4 cxd4
5.Nf3xd4 g6
6.e4 d6
7.Bf1e2 Bf8g7
8.Bc1e3 O-O
9.O-O Bc8d7
10.Nd4xc6 bxc6
11.Qd1c2 Bd7g4
12.f3 Bg4d7
13.Ra1d1 Qd8c7
14.b3 e5
15.Rd1d2 Ra8d8
16.Rf1d1 Bd7e6
17.Be2f1 Be6c8
18.b4 a6
19.a3 Qc7b8
20.c5 Nf6e8
21.cxd6 Rd8xd6
22.Rd2xd6 Ne8xd6
23.Be3c5 Rf8d8
24.Rd1d2 Nd6b7
25.Rd2xd8 Nb7xd8
26.Qc2d2 Nd8e6
27.Qd2e3 Ne6xc5
28.Qe3xc5 Qb8b7
29.Bf1c4 Qb7d7
30.h3 Qd7d4
31.Qc5xd4 exd4
32.Nc3e2 Kf8
33.Kf1 Ke7
34.Ke1 Kd6
35.Kd2 f5
36.exf5 gxf5
37.Kd3 c5
38.Ne2f4 Bg7e5
39.Nf4e2 f4
40.bxc5 Kxc5
41.Bc4g8 Bc8f5
42.Kd2 h5
43.Ne2c1 { time. }
0-1

[Event "Match"]
[Site "www.echecsemail.com"]
[Date "2016.06.29"]
[Round "1"]
[White "Genius2"]
[Black "Add"]
[WhiteElo "1980"]
[BlackElo "2030"]
[Result "0-1"]
[Round "1"]
1.e4 d6
2.d4 c6
3.Nb1c3 h6
4.f4 e6
5.Ng1f3 Bf8e7
6.Bf1e2 Ng8f6
7.O-O a6
8.a4 a5
9.h3 Nb8a6
10.e5 Nf6d5
11.Nc3xd5 exd5
12.Bc1e3 Bc8f5
13.Be2d3 Bf5e4
14.Qd1e2 Na6b4
15.Bd3xe4 dxe4
16.Nf3h2 h5
17.Rf1d1 d5
18.Rd1f1 Qd8d7
19.f5 O-O-O
20.c3 Nb4d3
21.b3 Kc7
22.b4 axb4
23.cxb4 Nd3xb4
24.a5 Nb4a6
25.Be3f4 Kc8
26.Ra1b1 Qd7xf5
27.Bf4g3 Qf5e6
28.Qe2b2 Rd8d7
29.Qb2b6 Be7b4
30.Rb1xb4 Na6xb4
31.Qb6xb4 Rd7c7
32.Rf1b1 Kd7
33.Qb4b6 { time. }
0-1

[Event "Match"]
[Site "www.echecsemail.com"]
[Date "2016.06.29"]
[Round "1"]
[White "Genius2"]
[Black "Hundegana"]
[WhiteElo "1740"]
[BlackElo "1930"]
[Result "1-0"]
[Round "1"]
1.d4 c5
2.d5 Ng8f6
3.c4 Nf6e4
4.Nb1d2 Ne4d6
5.e4 e6
6.Ng1f3 g6
7.Bf1d3 Bf8g7
8.Qd1e2 O-O
9.O-O exd5
10.cxd5 b6
11.Nd2c4 Nd6xc4
12.Bd3xc4 d6
13.Bc1g5 Qd8d7
14.Rf1e1 f6
15.Bg5d2 Rf8e8
16.Bc4b5 Qd7e7
17.Bb5xe8 Qe7xe8
18.Bd2c3 Bc8g4
19.h3 Bg4xf3
20.Qe2xf3 Nb8d7
21.Ra1d1 Nd7e5
22.Bc3xe5 Qe8xe5
23.b3 Ra8f8
24.Qf3e3 Qe5b2
25.Re1e2 Qb2a3
26.Qe3d2 Qa3a6
27.Qd2d3 Qa6xd3
28.Rd1xd3 Kf7
29.f3 Rf8e8
30.Re2c2 Re8e7
31.Kf2 f5
32.Rc2e2 fxe4
33.Re2xe4 Re7xe4
34.fxe4 Kf6
35.Kf3 Ke5
36.g4 h6
37.Ke3 Bg7f6
38.Rd3d1 Bf6g5
39.Kf3 a5
40.Rd1b1 Kd4
41.Rb1d1 Kc3
42.e5 dxe5
43.d6 Kb2
44.d7 Bg5d8
45.Rd1d6 g5
46.Rd6xh6 Kxa2
47.Rh6h8 Bd8c7
48.d8Q Bc7xd8
49.Rh8xd8 Kxb3
50.Rd8d5 Kc4
51.Rd5xe5 a4
52.Re5xg5 a3
53.Rg5g8 a2
54.Rg8a8 Kb3
55.g5 c4
56.g6 Kb2
57.g7 a1Q
58.Ra8xa1 Kxa1
59.g8Q b5
60.Ke3 Kb2
61.Kd4 c3
62.Qg8g2 Kb3
63.Qg2f3 b4
64.Qf3d3 Kb2
65.Kc4 Ka3
66.Qd3c2 b3
67.Qc2xb3 { resign }
1-0

[Event "Match"]
[Site "www.echecsemail.com"]
[Date "2016.06.29"]
[Round "1"]
[White "Starwind"]
[Black "Numanoid"]
[WhiteElo "2249"]
[BlackElo "2450"]
[Result "1-0"]
[Round "1"]
1.d4 d5
2.c4 c6
3.Ng1f3 Ng8f6
4.Nb1c3 e6
5.e3 Nb8d7
6.Bf1d3 dxc4
7.Bd3xc4 b5
8.Bc4d3 a6
9.e4 c5
10.e5 cxd4
11.Nc3xb5 Nd7xe5
12.Nf3xe5 axb5
13.Bd3xb5 Bc8d7
14.Ne5xd7 Qd8a5
15.Bc1d2 Qa5xb5
16.Nd7xf8 Kxf8
17.a4 Qb5xb2
18.O-O Nf6e4
19.Bd2e1 Qb2b6
20.Ra1b1 Qb6d8
21.Qd1d3 Ne4f6
22.Be1d2 Ra8xa4
23.Bd2b4 Kg8
24.Bb4e7 Qd8xe7
25.Rb1b8 Qe7f8
26.Rb8xf8 Kxf8
27.Rf1b1 Ra4a8
28.g4 Nf6d5
29.Qd3xd4 Kg8
30.Rb1b7 g6
31.f4 h5
32.f5 Rh8h7
33.fxg6 fxg6
34.Rb7xh7 Kxh7
35.gxh5 gxh5
36.Qd4e4 Kg7
37.Qe4xe6 Nd5f6
38.h3 Ra8a4
39.Kg2 Ra4e4
40.Qe6c6 Kg6
41.Qc6c2 Kg7
42.Qc2f2 Kg6
43.Qf2g3 Kf7
44.Kf3 Re4c4
45.Qg3g5 Rc4c3
46.Kg2 Rc3c2
47.Kh1 Rc2c3
48.Qg5g2 Rc3c5
49.Qg2g1  { time }
1-0

[Event "1/64 Finale"]
[Site "www.chess-mail.com"]
[Date "2016.06.29"]
[Round "1"]
[White "Mitja"]
[Black "Osopanda"]
[WhiteElo "1900"]
[BlackElo "1940"]
[Result "1/2-1/2"]
[Round "1"]
1.d4 d5
2.e3 c5
3.dxc5 Qd8a5
4.c3 Qa5xc5
5.Nb1d2 Nb8c6
6.Nd2b3 Qc5d6
7.h3 e5
8.Ng1e2 Ng8f6
9.Ne2g3 Bf8e7
10.Bf1d3 O-O
11.Bd3c2 Bc8e6
12.Bc1d2 Rf8d8
13.O-O a6
14.Ng3f5 Be6xf5
15.Bc2xf5 d4
16.cxd4 exd4
17.exd4 Nc6xd4
18.Nb3xd4 Qd6xd4
19.Bd2c3 Qd4xd1
20.Rf1xd1 Nf6d5
21.Ra1c1 Nd5xc3
22.bxc3 b5
23.Bf5e4 Rd8xd1
24.Rc1xd1 Ra8d8
25.Rd1xd8 Be7xd8
26.Be4b7 a5
27.Bb7a6 b4
28.cxb4 axb4
29.Kf1 Kf8
30.Ke2 h6
31.Ba6c4 Bd8b6
32.f3 f6
33.g4 Ke7
34.Kd3 Kd6
35.Ke4 Bb6f2
36.f4 g5
37.fxg5 hxg5
38.Kf5 Bf2d4
39.Bc4b3 Bd4c3
{ draw }
1/2-1/2

[Event "Tourn. n8823"]
[Site "www.chess-mail.com"]
[Date "2016.06.30"]
[Round "1"]
[White "Redabond"]
[Black "Knightjumper"]
[WhiteElo "1610"]
[BlackElo "1630"]
[Result "1-0"]
[Round "1"]
1.d4 d6
2.Ng1f3 Ng8f6
3.Bc1f4 g6
4.Nb1c3 Bf8g7
5.d5 O-O
6.e4 c5
7.dxc6 Nb8xc6
8.e5 dxe5
9.Bf4xe5 Nc6xe5
10.Nf3xe5 Qd8a5
11.Bf1d3 Qa5xe5
12.Qd1e2  { time }
1-0

[Event "Tourn. n8807"]
[Site "www.chess-mail.com"]
[Date "2016.06.30"]
[Round "1"]
[White "Osopanda"]
[Black "Gfalk"]
[WhiteElo "1960"]
[BlackElo "1930"]
[Result "1-0"]
[Round "1"]
1.c4 e5
2.Nb1c3 d6
3.g3 c6
4.Bf1g2 Bc8e6
5.b3 Bf8e7
6.Ng1f3 f5
7.e4 Ng8f6
8.d3 O-O
9.O-O Nb8d7
10.Bc1a3 Qd8a5
11.Ba3b2 fxe4
12.Nc3xe4 Nf6xe4
13.dxe4 Nd7c5
14.Rf1e1 Be6g4
15.h3  { time }
1-0

[Event "Tourn. n8848"]
[Site "www.chess-mail.com"]
[Date "2016.06.30"]
[Round "1"]
[White "Mitja"]
[Black "Picifarkinca"]
[WhiteElo "1970"]
[BlackElo "1970"]
[Result "0-1"]
[Round "1"]
1.d4 Ng8f6
2.e3 d5
3.c3 e6
4.Ng1h3 c5
5.dxc5 Bf8xc5
6.Nb1d2 Nb8c6
7.Nd2b3 Bc5d6
8.Bf1e2 O-O
9.Nb3d4 e5
10.Nd4xc6 bxc6
11.b3 Bc8xh3
12.gxh3 Nf6e4
13.Bc1b2 Qd8h4
14.Rh1f1 f5
15.Be2f3 Ne4g5
16.Kd2 Qh4xh3
17.Bf3xd5 cxd5
18.Qd1e2 Ng5f3
19.Kc2 e4
20.Qe2d1 d4
21.exd4 Ra8c8
22.c4 Bd6b4
23.d5 Bb4d6
24.Qd1e2 Rf8f7
25.a4 Rf7b7
{ resign }
0-1

[Event "Tourn. n8732"]
[Site "www.chess-mail.com"]
[Date "2016.06.30"]
[Round "1"]
[White "Comrade"]
[Black "Mars91"]
[WhiteElo "2190"]
[BlackElo "2020"]
[Result "1-0"]
[Round "1"]
1.c4 g6
2.d4 Ng8f6
3.Nb1c3 Bf8g7
4.e4 d6
5.Ng1f3 O-O
6.Bf1e2 e5
7.Bc1e3 exd4
8.Nf3xd4 Rf8e8
9.Qd1c2 Nf6g4
10.Be2xg4 Bc8xg4
11.f3 Bg4d7
12.O-O Nb8c6
13.Nd4xc6 Bd7xc6
14.Ra1d1 Qd8e7
15.Be3d4 Bg7xd4
16.Rd1xd4 Qe7e5
17.Rf1d1 a6
18.Nc3d5 Bc6xd5
19.Rd4xd5 Qe5e6
20.b4 b6
21.c5 dxc5
22.bxc5 b5
23.Rd5d7 Qe6e5
24.Rd1d5 Qe5e6
25.Rd7xc7  { time }
1-0

[Event "Tourn. n8823"]
[Site "www.chess-mail.com"]
[Date "2016.06.30"]
[Round "1"]
[White "Knightjumper"]
[Black "Cal"]
[WhiteElo "1630"]
[BlackElo "1650"]
[Result "0-1"]
[Round "1"]
1.Ng1f3 d5
2.c4 dxc4
3.Nb1a3 Qd8d5
4.e3 Ng8f6
5.Bf1xc4 Nb8c6
6.Bc4xd5 Bc8d7
7.d4 a6
8.O-O Nc6a5
9.b4 Na5c6
10.b5 Nc6b4
 { time }
0-1

[Event "Tourn. n8830"]
[Site "www.chess-mail.com"]
[Date "2016.06.30"]
[Round "1"]
[White "Knightjumper"]
[Black "Ditto"]
[WhiteElo "1630"]
[BlackElo "1760"]
[Result "0-1"]
[Round "1"]
1.d4 d5
2.c4 e6
3.Nb1c3 Ng8f6
4.cxd5 exd5
5.Bc1g5 Bc8f5
6.e3 Bf8b4
7.Qd1a4 Nb8c6
8.Bf1b5 Bb4xc3
 { time }
0-1

[Event "Tourn. n8838"]
[Site "www.chess-mail.com"]
[Date "2016.06.30"]
[Round "1"]
[White "Daquata"]
[Black "Redabond"]
[WhiteElo "1790"]
[BlackElo "1640"]
[Result "1-0"]
[Round "1"]
1.e4 e5
2.Ng1f3 Nb8c6
3.Bf1c4 Bf8c5
4.Nb1c3 Ng8f6
5.d3 Nf6g4
6.O-O O-O
7.Bc1g5 Qd8e8
8.h3 Ng4f6
9.Bg5xf6 gxf6
10.Nc3d5 Qe8d8
11.Nf3h4 Nc6d4
12.c3 Nd4e6
13.Qd1f3 Ne6g5
14.Qf3xf6 Qd8xf6
15.Nd5xf6 Kg7
16.Nf6d5 c6
17.Nh4f5 Kg8
18.Nd5e7 Bc5xe7
19.Nf5xe7 Kh8
20.Ne7xc8 Ra8xc8
21.f4 Ng5e6
22.fxe5 b5
23.Bc4xe6 fxe6
24.Rf1f6 Rf8xf6
25.exf6 Kg8
26.e5 Kf7
27.Ra1f1 a5
28.g4 Rc8g8
29.Kh2 Rg8g5
30.d4 a4
31.a3 h6
32.Kg3 Kf8
33.h4 Rg5g6
34.Kf4 Kf7
35.g5 h5
36.Rf1c1 Rg6g8
37.c4 bxc4
38.Rc1xc4 Rg8a8
39.Rc4b4 Ra8a5
40.Rb4b7 Ra5d5
41.Ke4 Ke8
42.g6 { resign }
1-0

[Event "Tourn. n8838"]
[Site "www.chess-mail.com"]
[Date "2016.06.30"]
[Round "1"]
[White "Daquata"]
[Black "Knightjumper"]
[WhiteElo "1790"]
[BlackElo "1660"]
[Result "1-0"]
[Round "1"]
1.e4 c5
2.Ng1f3 d6
3.d4 cxd4
4.Nf3xd4 Ng8f6
5.Nb1c3 g6
6.Bc1e3 Bf8g7
7.Qd1d2  { time }
1-0

[Event "Tourn. n8830"]
[Site "www.chess-mail.com"]
[Date "2016.06.30"]
[Round "1"]
[White "Kampungboy"]
[Black "Knightjumper"]
[WhiteElo "1699"]
[BlackElo "1630"]
[Result "1-0"]
[Round "1"]
1.e4 e5
2.f4 Bf8c5
3.Ng1f3 d6
4.Nb1c3 Nb8c6
5.Bf1c4 Ng8f6
6.d3 a6
7.Nc3d5 O-O
8.Nd5xf6 Qd8xf6
9.f5 Nc6d4
10.c3 Nd4xf3
11.Qd1xf3  { time }
1-0

[Event "Tourn. n8845"]
[Site "www.chess-mail.com"]
[Date "2016.06.30"]
[Round "1"]
[White "Nulladies"]
[Black "Azulmarino"]
[WhiteElo "1630"]
[BlackElo "1570"]
[Result "1-0"]
[Round "1"]
1.d4 d5
2.Bc1f4 Nb8c6
3.Ng1f3 Bc8f5
4.e3 h6
5.c3 Bf5e4
6.Nb1d2 Be4f5
7.Nf3e5 Nc6xe5
8.dxe5 f6
9.Nd2f3 Bf5e6
10.Nf3d4 Be6d7
11.Qd1h5 g6
12.Qh5xg6 { resign }
1-0

[Event "Tourn. n8798"]
[Site "www.chess-mail.com"]
[Date "2016.06.30"]
[Round "1"]
[White "Jhzes"]
[Black "Glenno"]
[WhiteElo "2400"]
[BlackElo "2440"]
[Result "0-1"]
[Round "1"]
1.Nb1c3 d5
2.d4 Ng8f6
3.Bc1f4 Bc8f5
4.f3 e6
5.Nc3b5 Nb8a6
6.c3 c6
7.Nb5a3 Bf8xa3
8.bxa3 Qd8a5
9.Qd1b3 O-O
10.g4 Bf5g6
11.Bf4d6 Rf8d8
12.Bd6b4 Qa5c7
13.e3 Nf6xg4
14.Bf1xa6 Ng4xe3
15.Ra1c1 bxa6
16.Ng1h3 a5
17.Bb4c5 Ra8b8
18.Qb3a4 Rb8b2
{ resign }
0-1

[Event "Tourn. n8812"]
[Site "www.chess-mail.com"]
[Date "2016.06.30"]
[Round "1"]
[White "Seger"]
[Black "Paaliaq"]
[WhiteElo "2770"]
[BlackElo "2520"]
[Result "1-0"]
[Round "1"]
1.d4 Ng8f6
2.Ng1f3 c5
3.d5 g6
4.c4 Bf8g7
5.Nb1c3 d6
6.e4 O-O
7.h3 Rf8e8
8.Bf1d3 Nb8a6
9.O-O Na6c7
10.Bc1g5 h6
11.Bg5e3 e5
12.Qd1c1 Kh7
13.a3 Nf6h5
14.b4 Nc7a6
15.Ra1b1 b6
16.Nc3e2 Bc8d7
17.Nf3h2 f5
18.exf5 Bd7xf5
19.Bd3xf5 gxf5
20.Ne2g3 Nh5xg3
21.fxg3 { resign }
1-0

[Event "Tourn. n8822"]
[Site "www.chess-mail.com"]
[Date "2016.06.30"]
[Round "1"]
[White "Gatrooper"]
[Black "Nulladies"]
[WhiteElo "1600"]
[BlackElo "1739"]
[Result "1-0"]
[Round "1"]
1.e4 c5
2.c4 Nb8c6
3.Ng1f3 g6
4.Nb1c3 Bf8g7
5.h3 d6
6.d3 Nc6d4
7.Nf3xd4 cxd4
8.Nc3d5 Ng8f6
9.Nd5xf6 Bg7xf6
10.a3 e5
11.Bc1d2 Bf6g7
12.Qd1f3 O-O
13.h4 f5
14.exf5 Rf8xf5
15.Qf3d5 Kh8
16.g4 Rf5f8
17.h5 Rf8f6
18.hxg6 Rf6xg6
19.O-O-O Bc8xg4
20.Rd1e1 Qd8d7
21.Qd5e4 Bg4f5
22.Qe4h4 Bg7f6
23.Qh4h2 Rg6g7
24.Bd2h6 Rg7g8
25.Bf1e2 Ra8c8
26.b3 Bf6g7
27.Bh6xg7 Rg8xg7
28.Re1g1 e4
29.dxe4 Bf5xe4
30.f3 Be4f5
31.Rg1xg7 Qd7xg7
32.Qh2xd6 Qg7d7
33.Qd6f6 Qd7g7
34.Qf6xf5 Rc8f8
35.Qf5d5 Rf8f7
36.Qd5d8 Rf7f8
37.Qd8h4 Rf8f7
38.c5 d3
39.Be2xd3 Rf7c7
40.b4 Qg7c3
41.Bd3c2 Qc3xa3
42.Kb1 Qa3xf3
43.Qh4d8 { resign }
1-0

[Event "Tourn. n8830"]
[Site "www.chess-mail.com"]
[Date "2016.06.30"]
[Round "1"]
[White "Gatrooper"]
[Black "Knightjumper"]
[WhiteElo "1630"]
[BlackElo "1630"]
[Result "1-0"]
[Round "1"]
1.e4 d6
2.d4 Ng8f6
3.Nb1c3 g6
4.h3 Bf8g7
5.e5 dxe5
6.dxe5 Qd8xd1
7.Nc3xd1 Nf6d5
8.Ng1f3 c6
9.a3 O-O
10.Nd1e3  { time }
1-0

[Event "Tourn. n8809"]
[Site "www.chess-mail.com"]
[Date "2016.06.30"]
[Round "1"]
[White "Numanoid"]
[Black "Gearoidmac"]
[WhiteElo "2450"]
[BlackElo "2200"]
[Result "0-1"]
[Round "1"]
1.d4 d5
2.c4 e6
3.Nb1c3 Bf8e7
4.cxd5 exd5
5.Bc1f4 Ng8f6
6.e3 Bc8f5
7.Qd1b3 Nb8c6
8.Bf1b5 O-O
9.Ng1f3 Nc6b4
10.O-O a6
 { time }
0-1

[Event "Tourn. n8848"]
[Site "www.chess-mail.com"]
[Date "2016.06.30"]
[Round "1"]
[White "Guidom"]
[Black "Picifarkinca"]
[WhiteElo "2030"]
[BlackElo "1970"]
[Result "1/2-1/2"]
[Round "1"]
1.e4 c6
2.d4 d5
3.e5 Bc8f5
4.c3 e6
5.f4 Nb8d7
6.Ng1f3 Qd8b6
7.Qd1b3 Ng8e7
8.Bf1e2 Qb6xb3
9.axb3 a6
10.b4 Ne7g6
11.h3 h5
12.Nb1d2 Ng6xf4
13.Be2f1 Bf8e7
14.Nd2b3 Nf4g6
15.Nb3c5 Ra8b8
16.Bc1d2 f6
17.exf6 gxf6
18.Kf2 Nd7xc5
19.bxc5 e5
20.Bf1e2 e4
21.Nf3e1 Kd7
22.g3 Rb8e8
23.Ne1g2 Kc7
24.Ng2f4 Ng6xf4
25.Bd2xf4 Kc8
26.h4 Re8g8
27.b4 Bf5g4
28.Be2xg4 Rg8xg4
29.Rh1g1 f5
30.Rg1g2 { draw }
1/2-1/2

[Event "Tourn. n8832"]
[Site "www.chess-mail.com"]
[Date "2016.06.30"]
[Round "1"]
[White "Osopanda"]
[Black "Genius9"]
[WhiteElo "1990"]
[BlackElo "1850"]
[Result "1-0"]
[Round "1"]
1.d4 f5
2.g3 Ng8f6
3.Bf1g2 e6
4.c4 Bf8b4
5.Bc1d2 Bb4xd2
6.Nb1xd2 O-O
7.Ng1f3 c6
8.O-O d5
9.b3 Nb8d7
{ time. }
1-0

[Event "Tourn. n8831"]
[Site "www.chess-mail.com"]
[Date "2016.06.30"]
[Round "1"]
[White "Falcoale"]
[Black "Knightjumper"]
[WhiteElo "1530"]
[BlackElo "1630"]
[Result "1-0"]
[Round "1"]
1.e4 e6
2.d4 d5
3.exd5 exd5
4.Ng1f3 Ng8f6
5.Bf1e2 Bf8d6
6.O-O O-O
7.Bc1g5 c6
8.Nf3e5  { time }
1-0

[Event "Tourn. n8774"]
[Site "www.chess-mail.com"]
[Date "2016.06.30"]
[Round "1"]
[White "Genius9"]
[Black "Biggles"]
[WhiteElo "1860"]
[BlackElo "1980"]
[Result "0-1"]
[Round "1"]
1.e4 e5
2.Nb1c3 Ng8f6
3.g3 Nb8c6
4.Bf1g2 d6
5.Ng1e2 Bf8e7
6.O-O Bc8g4
7.h3 Bg4e6
8.d3 Qd8d7
9.Kh2 O-O-O
10.f4 g6
11.a3 h5
12.fxe5 Nc6xe5
13.Ne2f4 Nf6h7
14.Nc3d5 Be6xd5
15.Nf4xd5 f5
16.exf5 Nh7f6
17.Nd5xe7 Qd7xe7
18.fxg6 Ne5xg6
19.Bc1g5 Rd8f8
20.Bg5xf6 Rf8xf6
21.Rf1xf6 Qe7xf6
22.c3 h4
23.Qd1g4 Kb8
24.Ra1f1 hxg3
25.Qg4xg3 Qf6e6
26.Qg3f3 Qe6c8
27.a4 Ng6e5
28.Qf3e4 Ne5g4
29.Kg1 Ng4e5
30.d4 { time. }
0-1